000 00954nam a2200253Ia 4500
003 OSt
005 20221005112410.0
006 a|||||r|||| 00| 0
007 ta
008 221004b |||||||| |||| 00| 0 pan d
020 _a9789388954259 (hbk)
_cINR 250.00
024 _a66716
037 _bSP/5334, 28/01/2020, Star Publications Pvt. Ltd.
_cTextual
040 _aCRL
_cCRL
_bpan
041 _2pan
_apan
082 _aY:1.243, 153Q9
100 _aਮਡਾਹੜ, ਗੁਰਮੇਲ ਸਿੰਘ, ਂਚ.
_9156325
245 0 _aਮੇਰੇ ਪਿੰਡ ਦੀ ਕਹਾਣੀ
260 _aਸਮਾਣਾ
_bਨਵਰੰਗ ਪਬਲੀਕੇFਨਗ਼ ਭਾਰਤ
_c2019
300 _a159ਪ੍ਰ0
_ccm.
650 _aਸਭਿਆਚਾਰ
942 _hY:1.243, 153Q9
_cTEXL
_2cc
999 _c1024759
_d1024759